| 000 | 02060nam a22001577a 4500 | ||
|---|---|---|---|
| 041 | _aukr | ||
| 080 | _a09 | ||
| 090 | _bКУХ | ||
| 100 | _aКухновець, Т. Ю. | ||
| 245 | _aПорівняльний аналіз політичних промов Гіларі Клінтон та Юлії Тимошенко | ||
| 260 |
_aОстрог _bКАФ _c2014 |
||
| 300 | _a63 | ||
| 520 |
_aВступ.
Розділ І. Політична промова як обєкт лінгвістичного дослідження.
1.1. Поняття політичної комунікації
1.2. Лінгвістичний аналіз політичної промови як складової процесу політичної комунікації
Розділ ІІ. Лексико-стилістичний аналіз політичних промов
2.1. Стилістичні маркери політичних промов
2.2. Лексичні показники політичних промов
2.3. Роль концептуальних метафор у текстах політичних промов
Розділ ІІІ. Порівняльний аналіз політичних промов екс-держсекретаря США Гіларі Клінтон та екс-премєр-міністра України Юлії Тимошенко.
3.1. Концептуальні метафори у промові Гіларі Клінтон
3.2. Концептуальні метафори у промові Юлії Тимошенко
3.3. Порівняльний аналіз концептуальних метафор у промовах політиків
3.3.1. Порівняльний аналіз концепту "дороги"
3.3.2. Порівняльний аналіз концепту "будівництва"
Висновки.
Список використаних джерел.
Додатки. _0політична промова, метафора, комунікація |
||
| 650 | _aResearch Papers | ||
| 999 |
_c285444 _d285444 |
||
| 942 | _cBK | ||